Geography Quiz

Random Geography or State Quiz

Self Containing States Quiz Stats

 Plays Quiz Updated Dec 3, 2018

Support Sporcle.
Go Orange.
Score 0/13 Timer 02:00
421 Plays Today
State % Correct
Alabama
90.3%
Alaska
83.6%
Ohio
82.9%
Arizona
80.9%
Arkansas
79.8%
Illinois
77.8%
Oregon
77.5%
Indiana
75%
Georgia
69.4%
North Carolina
67.1%
Connecticut
66.2%
Oklahoma
64.1%
Kentucky
56.5%

You're not logged in!

Compare scores with friends on all Sporcle quizzes.
OR
Log In
Forgot?

From the Vault

Monopoly (American)

by Matt

Gaming 7m
Monopoly: where young capitalists are born and the rest of us rue the day we first passed Go.
Remove Ads.
Support Sporcle.
Get the best of Sporcle when you Go Orange. This ad-free experience offers more features, more stats, and more fun while also helping to support Sporcle. Thank you for becoming a member.

Show Comments

Extras

Top Quizzes Today


Score Distribution

Your Account Isn't Verified!

In order to create a playlist on Sporcle, you need to verify the email address you used during registration. Go to your Sporcle Settings to finish the process.

Report this User

Report this user for behavior that violates our Community Guidelines.

Details: